| 000 | 00502nam a22001817a 4500 | ||
|---|---|---|---|
| 005 | 20251108164331.0 | ||
| 008 | 250721s1984 xx 000 0 ara d | ||
| 082 | 1 | 4 | _a921/كار |
| 100 | 1 | _aكارادوفو، | |
| 245 | 1 | 0 | _aالغزالي / |
| 264 | 1 |
_aبيروت : _bالمؤسسة العربية للدراسات، _c1984. |
|
| 300 | _a269 ص. | ||
| 650 | 1 | 7 | _aالتراجم |
| 650 | 1 | 7 | _aالفلاسفة |
| 700 | 1 |
_aزعيتر، عادل _eترجمة |
|
| 942 |
_2ddc _cBK |
||
| 999 |
_c9608 _d9608 |
||